| 000 | 00539nam a2200193 i 4500 | ||
|---|---|---|---|
| 001 | bgj | ||
| 100 | 1 |
_aPOE, Edgar Allan _d(1809-1849) |
|
| 245 | 1 | 0 |
_aThe Tell-Tale Heart and Other Writings / _cby Edgar Allan Poe. |
| 260 |
_aNew York [etc.] : _bBantam Books, _c1982. |
||
| 300 |
_aVIII, 419 pp ; _c18 cm. |
||
| 504 | _aBibliography p. 417-419. | ||
| 650 | 9 | _aHorror tales, American | |
| 020 | _a0553212281 | ||
| 040 | _cBPK | ||
| 041 | 0 | _aeng | |
| 920 | _a0-553-21228-1 | ||
| 942 | _cKS | ||
| 008 | s uk f |000 0 eng | ||
| 999 |
_c47931 _d47931 |
||
| 856 |
_uhttp://koha.tu.koszalin.pl/cgi-bin/koha/opac-detail.pl?biblionumber=47931 _yKatalog online BPK |
||